NLSUI OPAC header image

Fish : A remarkable way to boost morale and improve results (Record no. 25880)

MARC details
000 -LEADER
fixed length control field 00566nam a2200217Ia 4500
003 - CONTROL NUMBER IDENTIFIER
control field OSt
005 - DATE AND TIME OF LATEST TRANSACTION
control field 20251229080241.0
008 - FIXED-LENGTH DATA ELEMENTS--GENERAL INFORMATION
fixed length control field 160316s2000 xxu||||| |||| 00| 0 eng d
020 ## - INTERNATIONAL STANDARD BOOK NUMBER
International Standard Book Number 9780340924587
040 ## - CATALOGING SOURCE
Transcribing agency .
082 ## - DEWEY DECIMAL CLASSIFICATION NUMBER
Classification number 658.3 LUN
100 ## - MAIN ENTRY--PERSONAL NAME
Personal name Lundin Stephen C
245 ## - TITLE STATEMENT
Title Fish : A remarkable way to boost morale and improve results
260 ## - PUBLICATION, DISTRIBUTION, ETC.
Place of publication, distribution, etc. New York :
Name of publisher, distributor, etc. Hyperion ;
Date of publication, distribution, etc. 2000
300 ## - PHYSICAL DESCRIPTION
Extent 115p
365 ## - TRADE PRICE
Price amount Rs. 325
650 ## - SUBJECT ADDED ENTRY--TOPICAL TERM
Topical term or geographic name entry element Employee Motivation
650 ## - SUBJECT ADDED ENTRY--TOPICAL TERM
Topical term or geographic name entry element Customer Services
700 ## - ADDED ENTRY--PERSONAL NAME
Personal name Paul Harry
-- Christensen John
942 ## - ADDED ENTRY ELEMENTS (KOHA)
Source of classification or shelving scheme Dewey Decimal Classification
Koha item type BOOKs
Holdings
Withdrawn status Lost status Damaged status Not for loan Home library Current library Shelving location Date acquired Cost, normal purchase price Total Checkouts Full call number Barcode Date last seen Price effective from Koha item type
        . . NAB Compactor 30.05.2017 325.00   658.3 LUN 23411 30.05.2017 30.05.2017 BOOKs